书目信息 |
| 题名: |
带着老外游中国
|
|
| 作者: | ;创想外语研发团队 编著 | |
| 分册: | ||
| 出版信息: | 北京 中国纺织出版社 2015 |
|
| 页数: | 245页 | |
| 开本: | 21cm | |
| 丛书名: | 毕昂英语 | |
| 单 册: | ||
| 中图分类: | H319.9 , K928.9 | |
| 科图分类: | ||
| 主题词: | 英语--口语 , 旅游指南--中国 | |
| 电子资源: | ||
| ISBN: | 978-7-5180-1894-9 | |
| 000 | 01053oam2 2200289 450 | |
| 001 | 012001000188 | |
| 005 | 20140920091301.0 | |
| 010 | @a978-7-5180-1894-9@dCNY29.80 | |
| 039 | @aA310000SHL@bUCS01002517020 | |
| 100 | @a20160109d2015 em y0chiy50 ea | |
| 101 | 0 | @achi@aeng |
| 102 | @aCN@b110000 | |
| 105 | @ay z 000yy | |
| 106 | @ar | |
| 200 | 1 | @a带着老外游中国@9Dai Zhuo Lao Wai You Zhong Guo@f创想外语研发团队编著 |
| 210 | @a北京@c中国纺织出版社@d2015 | |
| 215 | @a245页@d21cm | |
| 225 | 2 | @a毕昂英语@v173 |
| 330 | @a随着来中国旅游、生活或工作的外国人日益增多,许多人发现学了很多年英语,对英美文化很熟悉,却不会介绍中国了。本文以介绍中国自然风光和传统文化为主,在感受中国文化的同时,学习英语口语的表达法。全书共分五个部分:自然、历史、记忆、国宝、美食。 | |
| 461 | 0 | @12001 @a毕昂英语 |
| 606 | 0 | @a英语@x口语 |
| 606 | 0 | @a旅游指南@y中国 |
| 690 | @aH319.9@v5 | |
| 690 | @aK928.9@v5 | |
| 711 | 02 | @a创想外语研发团队@9Chuang Xiang Wai Yu Yan Fa Tuan Dui@4编著 |
| 801 | 0 | @aCN@b上海新华@c20180901 |
| 905 | @b1040928-32@dH319.9@e768@f5 | |
| 带着老外游中国/创想外语研发团队编著.-北京:中国纺织出版社,2015 |
| 245页;21cm.-(毕昂英语;173) |
| ISBN 978-7-5180-1894-9:CNY29.80 |
| 随着来中国旅游、生活或工作的外国人日益增多,许多人发现学了很多年英语,对英美文化很熟悉,却不会介绍中国了。本文以介绍中国自然风光和传统文化为主,在感受中国文化的同时,学习英语口语的表达法。全书共分五个部分:自然、历史、记忆、国宝、美食。 |
| ● |
| 相关链接 |
|
|
|
|
正题名:带着老外游中国
索取号:H319.9/768
 
预约/预借
| 序号 | 登录号 | 条形码 | 馆藏地/架位号 | 状态 | 备注 |
| 1 | 1040928 | 210409280 | 第二样本阅览室/ [索取号:H319.9/768] | 在馆 | |
| 2 | 1040929 | 210409299 | 密集书库—外国语学院/ [索取号:H319.9/768] | 在馆 | |
| 3 | 1040930 | 210409306 | 第四借阅区/ [索取号:H319.9/768] | 在馆 | |
| 4 | 1040931 | 210409315 | 第四借阅区/ [索取号:H319.9/768] | 在馆 | |
| 5 | 1040932 | 210409324 | 第四借阅区/ [索取号:H319.9/768] | 在馆 |